Score 0/100 Timer 10:00
0 Plays Today
Rank Name % Correct
15Maria
93.4%
50Isabel
85.2%
25Ana
82.5%
17Sofia
78.1%
43Isabella
77%
99Sara
72.1%
3Gabriela
71%
40Emily
71%
10Natalia
69.9%
23Victoria
67.8%
28Daniela
67.8%
46Laura
66.7%
44Sophia
66.1%
19Mia
63.4%
94Sarah
63.4%
5Andrea
62.8%
60Angela
62.8%
78Elizabeth
61.7%
22Alejandra
60.7%
4Adriana
59.6%
24Alexandra
59.6%
37Carolina
59%
6Valeria
57.4%
11Ariana
57.4%
70Alexa
57.4%
14Nicole
56.8%
48Carla
55.7%
9Amanda
55.2%
75Jennifer
55.2%
83Diana
54.6%
84Gabriella
54.1%
12Camila
52.5%
59Grace
51.4%
38Natalie
50.3%
Rank Name % Correct
56Paula
50.3%
61Ashley
50.3%
18Angelica
49.7%
52Veronica
49.7%
26Stephanie
48.6%
66Cristina
48.6%
72Juliana
47%
97Abigail
45.9%
90Brianna
44.3%
96Carmen
44.3%
67Michelle
43.2%
62Arianna
42.6%
2Paola
42.1%
39Claudia
40.4%
42Mariana
39.9%
63Frances
39.9%
91Monica
39.9%
95Katherine
39.9%
57Bianca
39.3%
30Melanie
38.3%
54Naomi
38.3%
35Alana
37.7%
34Valerie
35.5%
29Kimberly
35%
49Patricia
35%
92Lara
30.6%
7Genesis
29%
53Natasha
28.4%
1Alondra
27.9%
85Erika
25.7%
21Karla
24.6%
68Pamela
24.6%
80Crystal
23.5%
27Karina
22.4%
Rank Name % Correct
20Kamila
21.9%
74Luz
20.8%
16Kiara
18%
86Nathalie
17.5%
13Fabiola
16.4%
79Lorena
15.8%
41Cristal
15.3%
55Tatiana
15.3%
8Alanis
14.2%
31Krystal
14.2%
33Nayeli
14.2%
58Liz
11.5%
73Kristal
9.8%
45Yarelis
8.7%
32Alanys
7.7%
47Joyce
7.7%
69Dariana
7.7%
88Karelys
7.7%
93Marielys
7.7%
36Nayelis
7.1%
76Ambar
6.6%
81Angelis
6.6%
82Nashaly
6.6%
51Yarielis
6%
65Coralys
6%
98Angely
5.5%
64Ninoshka
4.9%
71Aleysha
4.9%
100Yarielys
4.9%
77Keishla
4.4%
87Keyshla
4.4%
89Joelys
3.8%
Remove Ads.
Support Sporcle.
Get the best of Sporcle when you Go Orange. This ad-free experience offers more features, more stats, and more fun while also helping to support Sporcle. Thank you for becoming a member.

You're not logged in!

Compare scores with friends on all Sporcle quizzes.
OR
Log In

Show Comments

Extras

Created Oct 16, 2013SourceReportNominate
Tags:Baby Names Quiz

Top Quizzes Today


Score Distribution

Your Account Isn't Verified!

In order to create a playlist on Sporcle, you need to verify the email address you used during registration. Go to your Sporcle Settings to finish the process.

Report this User

Report this user for behavior that violates our Community Guidelines.

Details: